Guía postal de España / (Record no. 132413)

MARC details
000 -LEADER
campo de control de longitud fija 00606nam a2200193 i 4500
001 - NÚMERO DE CONTROL
campo de control 132413
003 - IDENTIFICADOR DE NÚMERO DE CONTROL
campo de control ES-MaACL
005 - FECHA Y HORA DE LA ÚLTIMA TRANSACCIÓN
campo de control 20230906194155.0
007 - CAMPO FIJO DE DESCRIPCIÓN FÍSICA--INFORMACIÓN GENERAL
campo de control de longitud fija t|
008 - DATOS DE LONGITUD FIJA--INFORMACIÓN GENERAL
campo de control de longitud fija 070214s1916 sp |||| | spa d
080 ## - NÚMERO DE LA CLASIFICACIÓN DECIMAL UNIVERSAL
Número de la Clasificación Decimal Universal (656:460)(036)
100 1# - ENTRADA PRINCIPAL--NOMBRE DE PERSONA
Nombre de persona Romero Chacón, Ignacio.
9 (RLIN) 99364
245 10 - MENCIÓN DEL TÍTULO
Título Guía postal de España /
Mención de responsabilidad, etc. por Ignacio Romero Chacón y José Castillón Sánchez.
260 ## - PUBLICACIÓN, DISTRIBUCIÓN, ETC.
Lugar de publicación, distribución, etc. Olot :
Nombre del editor, distribuidor, etc. [s. n.],
Fecha de publicación, distribución, etc. 1916 (
Fabricante Tip. de Pedro Alzambra)
300 ## - DESCRIPCIÓN FÍSICA
Extensión 568 p. ;
Dimensiones 22 x 16 cm.
650 #4 - PUNTO DE ACCESO ADICIONAL DE MATERIA--TÉRMINO DE MATERIA
Término de materia o nombre geográfico como elemento de entrada Correos-
Subdivisión geográfica España.
9 (RLIN) 135826
700 1# - ENTRADA AGREGADA--NOMBRE PERSONAL
Nombre de persona Castillón Sánchez, José.
9 (RLIN) 36782
852 ## - LOCALIZACIÓN
Ubicación ES-MaACL
Número de control de estantería B-920
Holdings
Estatus retirado Estado de pérdida Estado de daño No para préstamo Biblioteca de origen Biblioteca actual Ubicación en estantería Fecha de adquisición Fuente de adquisición Total de préstamos Signatura topográfica completa Código de barras Visto por última vez Precio de reemplazo Tipo de ítem Koha
        Biblioteca del Ateneo de Madrid Biblioteca del Ateneo de Madrid Sala Pardo Bazán 17/01/2008     B-920 1137858 23/02/2023 23/02/2023 Libro impreso